000 00880nam a2200193Ia 4500
999 _c36084
_d36084
001 1984
003 GE_BSU
005 20190424151521.0
008 181216s2007||||ru |||||||||||||| ||rus||
020 _a9785903058822
040 _cGE_BSU
080 _a657
245 _a1000 и один договор :
_b учтены все последние изменения в законодательстве : технология составления, бухгалтерский учет, налогообложение, сложные вопросы, практические примеры, оформление документов /
_cпод ред. Г. Ю. Касьяновой.
264 _aМосква :
_bАргумент,
_c2007.
300 _a376 с.;
_b19 см.
653 _aეკონომიკა.
653 _aბუღალტერია.
942 _cBK
_2udc